[Event "43. Olimpiada Batumi 2018 Femenina"]
[Site "Batumi GEO"]
[Date "2018.10.05"]
[Round "11.2"]
[White "Sedina, Elena"]
[Black "Kalaiyalahan, Akshaya"]
[Result "0-1"]
[WhiteElo "2267"]
[BlackElo "2253"]
[PlyCount "124"]
[EventDate "2018.09.24"]
[EventType "team-swiss"]
[EventRounds "11"]
[EventCountry "GEO"]
[SourceTitle "Ajedrez en Madrid"]
[Source "lmi"]
[SourceDate "2018.09.24"]
[WhiteTeam "Italy"]
[BlackTeam "England"]
[WhiteTeamCountry "ITA"]
[BlackTeamCountry "ENG"]

1. e4 c5 2. Nf3 Nc6 3. Bb5 g6 4. O-O Bg7 5. Nc3 e5 6. a3 Nge7 7. b4 cxb4 8.
axb4 O-O 9. Bc4 d6 10. Ba3 Nd4 11. Nxd4 exd4 12. Nd5 Be6 13. Bb2 Bxd5 14. exd5
Rc8 15. Bb3 Qb6 16. Re1 Nf5 17. Re4 a6 18. Ba3 Rc7 19. Qe1 Qb5 20. d3 Bf6 21.
Bc1 Re7 22. Rxe7 Nxe7 23. Bh6 Rc8 24. g4 Nxd5 25. Bc4 Qc6 26. Qe4 Nxb4 27. Qf4
d5 28. Bb3 Qe6 29. Qf3 Rd8 30. Bd2 Nc6 31. h3 Ne5 32. Qg2 Qd6 33. Ra5 Nc6 34.
Rxd5 Qe7 35. Rxd8+ Qxd8 36. Bd5 Qe8 37. f4 Qd7 38. Qe4 Nd8 39. f5 g5 40. Ba5
Nc6 41. Be1 Kf8 42. Bd2 h6 43. Kg2 Qd6 44. Bxc6 bxc6 45. Qe1 Qd5+ 46. Kg1 Be5
47. Qf1 f6 48. Qe2 a5 49. Bc1 a4 50. h4 Kf7 51. hxg5 hxg5 52. Bb2 Qa2 53. Bc1
Qb1 54. Qe1 a3 55. Kg2 a2 56. Kf3 a1=Q 57. Qh1 Ke7 58. Qh7+ Kd6 59. Qg8 Kc7 60.
Qf7+ Kb6 61. Qe8 Qxc1 62. Qd8+ Bc7 0-1

[Event "43. Olimpiada Batumi 2018 Femenina"]
[Site "Batumi GEO"]
[Date "2018.10.05"]
[Round "11.3"]
[White "Ciuksyte, Dagne"]
[Black "Di Benedetto, Desiree"]
[Result "1/2-1/2"]
[WhiteElo "2308"]
[BlackElo "2321"]
[PlyCount "91"]
[EventDate "2018.09.24"]
[EventType "team-swiss"]
[EventRounds "11"]
[EventCountry "GEO"]
[SourceTitle "Ajedrez en Madrid"]
[Source "lmi"]
[SourceDate "2018.09.24"]
[WhiteTeam "England"]
[BlackTeam "Italy"]
[WhiteTeamCountry "ENG"]
[BlackTeamCountry "ITA"]

1. e4 e6 2. d4 d5 3. Nd2 c5 4. exd5 Qxd5 5. Ngf3 cxd4 6. Bc4 Qd7 7. O-O Nc6 8.
Nb3 a6 9. Nbxd4 Nxd4 10. Nxd4 Qc7 11. Qe2 Bd6 12. h3 Ne7 13. c3 O-O 14. a4 Bd7
15. Rd1 Ng6 16. Bb3 Bh2+ 17. Kh1 Bf4 18. Bc2 Rad8 19. a5 Bxc1 20. Bxg6 hxg6 21.
Rdxc1 e5 22. Nf3 Rfe8 23. Qe3 Bf5 24. Re1 f6 25. Ra4 Rd3 26. Qe2 Red8 27. Rb4
Qc6 28. Kg1 Qd5 29. Nh4 Rd2 30. Qf3 Rd7 31. Qg3 Rd3 32. Re3 Rd1+ 33. Kh2 Qf7
34. Rb6 R1d5 35. b4 Bc2 36. c4 Rd4 37. c5 Be4 38. b5 axb5 39. a6 bxa6 40. c6
Rc7 41. Rb8+ Kh7 42. Rxe4 Rxe4 43. Nxg6 Qxg6 44. Rh8+ Kxh8 45. Qxg6 Rc4 46.
Qe8+ 1/2-1/2

[Event "43. Olimpiada Batumi 2018 Femenina"]
[Site "Batumi GEO"]
[Date "2018.10.05"]
[Round "11.4"]
[White "Brunello, Marina"]
[Black "Maroroa, Sue"]
[Result "1-0"]
[WhiteElo "2294"]
[BlackElo "2112"]
[PlyCount "107"]
[EventDate "2018.09.24"]
[EventType "team-swiss"]
[EventRounds "11"]
[EventCountry "GEO"]
[SourceTitle "Ajedrez en Madrid"]
[Source "lmi"]
[SourceDate "2018.09.24"]
[WhiteTeam "Italy"]
[BlackTeam "England"]
[WhiteTeamCountry "ITA"]
[BlackTeamCountry "ENG"]

1. e4 e5 2. Bc4 Bc5 3. Nf3 Nc6 4. d3 Nf6 5. O-O O-O 6. a4 a6 7. Bg5 h6 8. Bh4
Be7 9. Bg3 d6 10. h3 Kh8 11. c3 Nh7 12. d4 f5 13. dxe5 fxe4 14. Nfd2 d5 15. Bb3
Ng5 16. Bc2 Qd7 17. f4 Nxh3+ 18. Kh2 Qf5 19. Qe2 Be6 20. Nxe4 dxe4 21. Nd2 Nxf4
22. Rxf4 Qg6 23. Bxe4 Qg5 24. Rxf8+ Rxf8 25. Bf3 Qf5 26. b4 Bg5 27. Bxc6 Bxd2
28. Bxb7 Qg5 29. Rf1 Rxf1 30. Qxf1 Qh5+ 31. Kg1 Be3+ 32. Bf2 Bf4 33. g3 Bxe5
34. a5 Bxc3 35. Qxa6 Qd1+ 36. Qf1 Qxf1+ 37. Kxf1 Bc4+ 38. Kg2 Bxb4 39. a6 Bxa6
40. Bxa6 Bc3 41. Bd3 g5 42. Bg6 Kg7 43. Bh5 Kf6 44. g4 c6 45. Bc5 Ke6 46. Bf8
Bf6 47. Bxh6 c5 48. Kf3 Kd5 49. Ke3 Bd4+ 50. Kd3 c4+ 51. Kc2 Bf6 52. Bf7+ Kd4
53. Bf8 Be5 54. Be7 1-0

[Event "43. Olimpiada Batumi 2018 Femenina"]
[Site "Batumi GEO"]
[Date "2018.10.05"]
[Round "11.1"]
[White "Peng, Zhaoqin"]
[Black "Tan, Li Ting"]
[Result "1-0"]
[WhiteElo "2367"]
[BlackElo "2054"]
[PlyCount "109"]
[EventDate "2018.09.24"]
[EventType "team-swiss"]
[EventRounds "11"]
[EventCountry "GEO"]
[SourceTitle "Ajedrez en Madrid"]
[Source "lmi"]
[SourceDate "2018.09.24"]
[WhiteTeam "Netherlands"]
[BlackTeam "Malaysia"]
[WhiteTeamCountry "NED"]
[BlackTeamCountry "MAS"]

1. d4 Nf6 2. c4 e6 3. Nc3 d5 4. cxd5 exd5 5. Bg5 Be7 6. e3 c6 7. Bd3 O-O 8.
Nge2 Ne4 9. Bf4 f5 10. f3 Nd6 11. O-O a5 12. Qc2 Na6 13. a3 Bg5 14. Rae1 b5 15.
Kh1 Nc4 16. Nd1 Bxf4 17. Nxf4 Qd6 18. Ne2 Be6 19. Ng3 g6 20. e4 f4 21. Ne2 Rf7
22. Nec3 Rb8 23. exd5 Bxd5 24. Ne4 Qf8 25. Nd2 Nxd2 26. Qxd2 Nc7 27. Re5 b4 28.
a4 Re8 29. Nf2 Rxe5 30. dxe5 Kg7 31. Be4 Rd7 32. Rc1 Ne6 33. h3 Rd8 34. Qe1 c5
35. Qe2 Qe8 36. Bxd5 Rxd5 37. Qa6 Rxe5 38. Ne4 Ng5 39. Nxg5 Rxg5 40. Qxa5 Qe3
41. Qc7+ Kh6 42. Rg1 Qd4 43. b3 c4 44. bxc4 Rc5 45. Qe7 Qxc4 46. Rb1 Qd4 47.
Kh2 Kh5 48. Qxh7+ Kg5 49. h4+ Kf5 50. Qf7+ Qf6 51. Qxf6+ Kxf6 52. Rxb4 g5 53.
Kh3 Ra5 54. Kg4 gxh4 55. Rxf4+ 1-0

[Event "43. Olimpiada Batumi 2018 Femenina"]
[Site "Batumi GEO"]
[Date "2018.10.05"]
[Round "11.2"]
[White "Bakri, Alia Anin Azwa"]
[Black "Haast, Anne"]
[Result "0-1"]
[WhiteElo "2005"]
[BlackElo "2345"]
[PlyCount "68"]
[EventDate "2018.09.24"]
[EventType "team-swiss"]
[EventRounds "11"]
[EventCountry "GEO"]
[SourceTitle "Ajedrez en Madrid"]
[Source "lmi"]
[SourceDate "2018.09.24"]
[WhiteTeam "Malaysia"]
[BlackTeam "Netherlands"]
[WhiteTeamCountry "MAS"]
[BlackTeamCountry "NED"]

1. d4 Nf6 2. Nf3 g6 3. c4 Bg7 4. Nc3 O-O 5. e4 d6 6. Be2 Bg4 7. Be3 Nfd7 8. Qd2
e5 9. h3 Bxf3 10. Bxf3 Nc6 11. dxe5 dxe5 12. O-O Nd4 13. Bd1 Nc5 14. b4 Nce6
15. Rc1 c6 16. c5 Qe7 17. f4 Rfd8 18. Qf2 exf4 19. Bxf4 Nxf4 20. Qxf4 a5 21. a3
axb4 22. axb4 Ra3 23. Ne2 Nxe2+ 24. Bxe2 Be5 25. Qh6 Bd4+ 26. Kh1 Be3 27. Ra1
Bxh6 28. Rxa3 Qxe4 29. Bf3 Qxb4 30. Ra7 Bf4 31. Raa1 Be5 32. Ra2 Qc4 33. Raf2
Bg3 34. Be2 Qa2 0-1

[Event "43. Olimpiada Batumi 2018 Femenina"]
[Site "Batumi GEO"]
[Date "2018.10.05"]
[Round "11.3"]
[White "Paulet, Iozefina"]
[Black "Azman Hisham, Nur Nabila"]
[Result "1-0"]
[WhiteElo "2275"]
[BlackElo "1943"]
[PlyCount "80"]
[EventDate "2018.09.24"]
[EventType "team-swiss"]
[EventRounds "11"]
[EventCountry "GEO"]
[SourceTitle "Ajedrez en Madrid"]
[Source "lmi"]
[SourceDate "2018.09.24"]
[WhiteTeam "Netherlands"]
[BlackTeam "Malaysia"]
[WhiteTeamCountry "NED"]
[BlackTeamCountry "MAS"]

1. e4 c5 2. Nf3 e6 3. b3 b6 4. Bd3 Bb7 5. O-O d6 6. Bb2 Nd7 7. Re1 Ngf6 8. a4
a6 9. Na3 Be7 10. Nc4 O-O 11. e5 Ne8 12. exd6 Nxd6 13. Nfe5 Nxc4 14. bxc4 Nxe5
15. Bxe5 Bf6 16. Qh5 g6 17. Qh6 Bxe5 18. Rxe5 Qf6 19. Rae1 Rfc8 20. a5 bxa5 21.
Qe3 a4 22. Rxc5 Rxc5 23. Qxc5 Qb2 24. Qe5 Qb4 25. c3 Qb2 26. Qe3 Bc6 27. Rb1
Qa2 28. Qb6 Be8 29. Rb2 Qa3 30. Kf1 a5 31. Rb1 Qe7 32. Be2 e5 33. d4 exd4 34.
cxd4 a3 35. Re1 Qb4 36. Qf6 Qb2 37. Bf3 Rb8 38. Bd5 Qc2 39. Rxe8+ Rxe8 40.
Qxf7+ Kh8 1-0

[Event "43. Olimpiada Batumi 2018 Femenina"]
[Site "Batumi GEO"]
[Date "2018.10.05"]
[Round "11.4"]
[White "Nithyalakshmi, Sivanesan"]
[Black "Ratsma, Rosa"]
[Result "0-1"]
[WhiteElo "1866"]
[BlackElo "2260"]
[PlyCount "84"]
[EventDate "2018.09.24"]
[EventType "team-swiss"]
[EventRounds "11"]
[EventCountry "GEO"]
[SourceTitle "Ajedrez en Madrid"]
[Source "lmi"]
[SourceDate "2018.09.24"]
[WhiteTeam "Malaysia"]
[BlackTeam "Netherlands"]
[WhiteTeamCountry "MAS"]
[BlackTeamCountry "NED"]

1. b3 e5 2. Bb2 Nc6 3. e3 Nf6 4. Bb5 Bd6 5. d3 O-O 6. Bxc6 dxc6 7. Nd2 Qe7 8.
Ne2 a5 9. a4 b6 10. O-O c5 11. Ng3 Bg4 12. f3 Bd7 13. e4 h5 14. Nc4 Rae8 15.
Qd2 h4 16. Ne2 Nh7 17. f4 f6 18. f5 Ng5 19. Qe1 h3 20. Qg3 Qf7 21. Nc3 Qh5 22.
Nd5 Rb8 23. Bc1 hxg2 24. Kxg2 Bc6 25. Nxf6+ gxf6 26. h4 Qe2+ 27. Rf2 Bxe4+ 28.
dxe4 Qxe4+ 29. Kf1 Kf7 30. hxg5 Rh8 31. g6+ Kg7 32. Ne3 Qd4 33. Rb1 e4 34. Qg1
Rh3 35. Ke2 Rd8 36. Qg4 Rg3 37. Qh4 Rh8 38. Qxh8+ Kxh8 39. Nf1 Rc3 40. Ne3 Bg3
41. Rf1 Rxc2+ 42. Nxc2 Qd3# 0-1

[Event "43. Olimpiada Batumi 2018 Femenina"]
[Site "Batumi GEO"]
[Date "2018.10.05"]
[Round "11.1"]
[White "Cori T., Deysi"]
[Black "Geldiyeva, Mahri"]
[Result "1-0"]
[WhiteElo "2391"]
[BlackElo "2139"]
[PlyCount "69"]
[EventDate "2018.09.24"]
[EventType "team-swiss"]
[EventRounds "11"]
[EventCountry "GEO"]
[SourceTitle "Ajedrez en Madrid"]
[Source "lmi"]
[SourceDate "2018.09.24"]
[WhiteTeam "Peru"]
[BlackTeam "Turkmenistan"]
[WhiteTeamCountry "PER"]
[BlackTeamCountry "TKM"]

1. d4 d5 2. Nf3 Nf6 3. c4 dxc4 4. e3 e6 5. Bxc4 a6 6. O-O c5 7. Qe2 b5 8. Bd3
Bb7 9. a4 b4 10. Rd1 Nbd7 11. Nbd2 Bd6 12. e4 Bc7 13. e5 Nd5 14. Nc4 Qb8 15.
Ng5 cxd4 16. Qh5 g6 17. Qh6 Bxe5 18. Re1 Bf6 19. Ne4 Ke7 20. Nxf6 N7xf6 21. Bg5
a5 22. Rxe6+ Kxe6 23. Re1+ Kd7 24. Bxf6 Nxf6 25. Ne5+ Kc7 26. Qf4 Nd5 27. Qxf7+
Kd6 28. Qd7+ Kc5 29. Rc1+ Nc3 30. bxc3 dxc3 31. Qb5+ Kd6 32. Nc4+ Kc7 33. Qe5+
Kd7 34. Bf5+ gxf5 35. Rd1+ 1-0

[Event "43. Olimpiada Batumi 2018 Femenina"]
[Site "Batumi GEO"]
[Date "2018.10.05"]
[Round "11.2"]
[White "Ovezdurdiyeva, Jemal"]
[Black "Paredes Bustamante, Paula Elizab"]
[Result "1-0"]
[WhiteElo "2075"]
[BlackElo "2151"]
[PlyCount "55"]
[EventDate "2018.09.24"]
[EventType "team-swiss"]
[EventRounds "11"]
[EventCountry "GEO"]
[SourceTitle "Ajedrez en Madrid"]
[Source "lmi"]
[SourceDate "2018.09.24"]
[WhiteTeam "Turkmenistan"]
[BlackTeam "Peru"]
[WhiteTeamCountry "TKM"]
[BlackTeamCountry "PER"]

1. d4 Nf6 2. c4 e6 3. Nc3 Bb4 4. e3 O-O 5. Nge2 d5 6. a3 Be7 7. Nf4 c6 8. Bd3
Nbd7 9. cxd5 exd5 10. O-O Re8 11. f3 Nf8 12. Bc2 Qb6 13. Na4 Qc7 14. e4 dxe4
15. fxe4 Bg4 16. Qe1 b5 17. Nc3 b4 18. axb4 Bxb4 19. Qg3 Qd7 20. h3 Be6 21. Be3
Ng6 22. d5 cxd5 23. Nxg6 Bxc3 24. Ba4 Qb7 25. Bxe8 Bxb2 26. Bc6 Qb8 27. Rxa7
Nxe4 28. Rxa8 1-0

[Event "43. Olimpiada Batumi 2018 Femenina"]
[Site "Batumi GEO"]
[Date "2018.10.05"]
[Round "11.3"]
[White "Chumpitaz, Ann"]
[Black "Shohradowa, Lala"]
[Result "1-0"]
[WhiteElo "2222"]
[BlackElo "1950"]
[PlyCount "71"]
[EventDate "2018.09.24"]
[EventType "team-swiss"]
[EventRounds "11"]
[EventCountry "GEO"]
[SourceTitle "Ajedrez en Madrid"]
[Source "lmi"]
[SourceDate "2018.09.24"]
[WhiteTeam "Peru"]
[BlackTeam "Turkmenistan"]
[WhiteTeamCountry "PER"]
[BlackTeamCountry "TKM"]

1. d4 Nf6 2. c4 g6 3. Nc3 Bg7 4. e4 d6 5. Nf3 O-O 6. Be2 c5 7. d5 Nbd7 8. h3 a6
9. O-O Rb8 10. a4 Ne5 11. Nxe5 dxe5 12. Be3 Qc7 13. f4 Nd7 14. f5 Nf6 15. g4
Rd8 16. Qe1 Qb6 17. Rb1 Qd6 18. Qh4 b6 19. Rf2 Nd7 20. Rbf1 f6 21. fxg6 hxg6
22. Bh6 Kf7 23. Bxg7 Kxg7 24. g5 Rh8 25. Qg3 Nf8 26. h4 Nh7 27. Bd3 Bd7 28. Rg2
Be8 29. Be2 Bf7 30. Nd1 Rbg8 31. Ne3 Nf8 32. gxf6+ Kh7 33. Ng4 Nd7 34. Qe3 Rf8
35. Qh6+ Kg8 36. Qg7# 1-0

[Event "43. Olimpiada Batumi 2018 Femenina"]
[Site "Batumi GEO"]
[Date "2018.10.05"]
[Round "11.4"]
[White "Yalkanova, Merjen"]
[Black "Caballero Quijano, Mitzy Mishell"]
[Result "0-1"]
[WhiteElo "1909"]
[BlackElo "2034"]
[PlyCount "94"]
[EventDate "2018.09.24"]
[EventType "team-swiss"]
[EventRounds "11"]
[EventCountry "GEO"]
[SourceTitle "Ajedrez en Madrid"]
[Source "lmi"]
[SourceDate "2018.09.24"]
[WhiteTeam "Turkmenistan"]
[BlackTeam "Peru"]
[WhiteTeamCountry "TKM"]
[BlackTeamCountry "PER"]

1. d4 d5 2. Nf3 Nf6 3. e3 g6 4. Bd3 Bg7 5. O-O O-O 6. b3 c5 7. Bb2 cxd4 8. exd4
Nc6 9. a3 Nh5 10. Bb5 Nf4 11. Nc3 Bg4 12. Bxc6 bxc6 13. Kh1 Ne6 14. Na4 Bxf3
15. gxf3 Qd6 16. Rg1 Qf4 17. c3 Qh4 18. Rg3 f5 19. Qe1 Rf6 20. Bc1 f4 21. Rg4
Qh3 22. Qe2 h5 23. Rg2 g5 24. Nc5 Nxc5 25. dxc5 g4 26. Bd2 Kf7 27. Rag1 Bh6 28.
Qd3 Rh8 29. Re1 Qxf3 30. Qxf3 gxf3 31. Rgg1 Rf5 32. h3 e5 33. b4 e4 34. c4 e3
35. Bc3 Re8 36. Rd1 dxc4 37. Rd6 Bg5 38. Rxc6 exf2 39. Rf1 Bh4 40. Rc7+ Re7 41.
Rxe7+ Kxe7 42. Bd4 Rd5 43. Bxf2 Bxf2 44. Rxf2 Rd1+ 45. Kh2 Rd3 46. Rc2 c3 47.
Kg1 Rd1+ 0-1

[Event "43. Olimpiada Batumi 2018 Femenina"]
[Site "Batumi GEO"]
[Date "2018.10.05"]
[Round "11.1"]
[White "Botsari, Anna-Maria"]
[Black "Golubenko, Valentina"]
[Result "0-1"]
[WhiteElo "2252"]
[BlackElo "2254"]
[PlyCount "96"]
[EventDate "2018.09.24"]
[EventType "team-swiss"]
[EventRounds "11"]
[EventCountry "GEO"]
[SourceTitle "Ajedrez en Madrid"]
[Source "lmi"]
[SourceDate "2018.09.24"]
[WhiteTeam "Greece"]
[BlackTeam "Croatia"]
[WhiteTeamCountry "GRE"]
[BlackTeamCountry "CRO"]

1. d4 Nf6 2. c4 e6 3. Nc3 Bb4 4. Qc2 O-O 5. a3 Bxc3+ 6. Qxc3 Ne4 7. Qc2 d5 8.
Nf3 b6 9. g3 c5 10. Bg2 Ba6 11. cxd5 exd5 12. O-O Nd7 13. Re1 cxd4 14. Nxd4 Rc8
15. Qd1 Qf6 16. f3 Nec5 17. Be3 Ne5 18. b4 Nc4 19. Bf2 Ne6 20. Nxe6 fxe6 21.
Qa4 Bb7 22. b5 Rf7 23. Rac1 Rfc7 24. Qb4 Qh6 25. Rc2 e5 26. Rec1 Qe6 27. e4 Rf7
28. f4 Rfc7 29. exd5 Bxd5 30. f5 Qf7 31. Bxd5 Qxd5 32. Qb3 Kh8 33. Rc3 h6 34.
a4 e4 35. g4 e3 36. Bg3 Rc5 37. Qa2 Qe4 38. Qe2 Nd2 39. Rxc5 Rxc5 40. Rxc5 bxc5
41. h3 c4 42. Bd6 c3 43. Ba3 Qf4 44. Kg2 Qe4+ 45. Kg1 Nf3+ 46. Kh1 Nd4+ 47. Qg2
Qb1+ 48. Kh2 e2 0-1

[Event "43. Olimpiada Batumi 2018 Femenina"]
[Site "Batumi GEO"]
[Date "2018.10.05"]
[Round "11.2"]
[White "Medic, Mirjana"]
[Black "Tsolakidou, Stavroula"]
[Result "1/2-1/2"]
[WhiteElo "2167"]
[BlackElo "2393"]
[PlyCount "141"]
[EventDate "2018.09.24"]
[EventType "team-swiss"]
[EventRounds "11"]
[EventCountry "GEO"]
[SourceTitle "Ajedrez en Madrid"]
[Source "lmi"]
[SourceDate "2018.09.24"]
[WhiteTeam "Croatia"]
[BlackTeam "Greece"]
[WhiteTeamCountry "CRO"]
[BlackTeamCountry "GRE"]

1. d4 Nf6 2. c4 e6 3. Nc3 Bb4 4. e3 O-O 5. Bd3 d5 6. Nf3 dxc4 7. Bxc4 b6 8. O-O
Bb7 9. Qe2 Nbd7 10. Rd1 Qe7 11. a3 Bxc3 12. bxc3 Ne4 13. Bb2 Nd6 14. Bb3 e5 15.
Rac1 e4 16. Ne5 Nxe5 17. dxe5 Qxe5 18. c4 Qg5 19. c5 bxc5 20. Qc2 Rab8 21. Ba1
Bc8 22. Rd5 Qg6 23. Qxc5 h6 24. Bd1 Bh3 25. g3 Rb6 26. Re5 Bg4 27. Ba4 Rfb8 28.
Qc2 Bh3 29. Bd4 Ra6 30. Re7 Qh5 31. Bd7 Nf5 32. Qxc7 Rf8 33. Bxf5 Qxf5 34. Qe5
Qxe5 35. Rxe5 Rb8 36. Bc5 Rc6 37. f4 exf3 38. Kf2 Bg2 39. Rc2 Rb1 40. e4 Rc7
41. g4 f6 42. Rd5 Rf1+ 43. Kg3 Re1 44. Bf2 Rxc2 45. Bxe1 Re2 46. Bf2 Rxe4 47.
Bxa7 Kh7 48. Rd4 Re5 49. a4 h5 50. h4 hxg4 51. Rxg4 Bf1 52. Bb6 Be2 53. Rf4 Kg6
54. a5 Kh5 55. Ra4 Bb5 56. Rf4 Be2 57. Ra4 Bb5 58. Rf4 Bc6 59. a6 Ba8 60. a7
Re8 61. Bf2 Kg6 62. Rb4 Kf7 63. Rb8 Be4 64. Bb6 Ke7 65. Kf4 Bd5 66. Kf5 Kf7 67.
h5 Re5+ 68. Kf4 Re8 69. Kg3 Ke7 70. Bd4 Kf7 71. Bb6 1/2-1/2

[Event "43. Olimpiada Batumi 2018 Femenina"]
[Site "Batumi GEO"]
[Date "2018.10.05"]
[Round "11.3"]
[White "Avramidou, Anastasia"]
[Black "Cvitan, Ena"]
[Result "1/2-1/2"]
[WhiteElo "2260"]
[BlackElo "2009"]
[PlyCount "88"]
[EventDate "2018.09.24"]
[EventType "team-swiss"]
[EventRounds "11"]
[EventCountry "GEO"]
[SourceTitle "Ajedrez en Madrid"]
[Source "lmi"]
[SourceDate "2018.09.24"]
[WhiteTeam "Greece"]
[BlackTeam "Croatia"]
[WhiteTeamCountry "GRE"]
[BlackTeamCountry "CRO"]

1. c4 e6 2. Nc3 d5 3. d4 a6 4. cxd5 exd5 5. Bf4 Nf6 6. e3 Bd6 7. Bg5 c6 8. Bd3
Nbd7 9. Nge2 O-O 10. Qc2 h6 11. Bf4 Bxf4 12. Nxf4 Re8 13. h3 Nf8 14. O-O-O Ne6
15. Nxe6 Bxe6 16. Kb1 Rc8 17. Na4 Qa5 18. Nc5 b6 19. Qa4 Qxa4 20. Nxa4 Nd7 21.
Rc1 a5 22. Rc3 b5 23. Nc5 Nxc5 24. Rxc5 a4 25. g4 g6 26. Kc2 f5 27. Kd2 Kf7 28.
Rg1 Kf6 29. Be2 Bd7 30. Rg3 Re7 31. Rc1 Re4 32. gxf5 Bxf5 33. Rf3 Re6 34. Bxb5
Rb8 35. Bxa4 Rxb2+ 36. Rc2 Rb1 37. Bxc6 Rd6 38. Ba4 Kg5 39. Rc5 Rb2+ 40. Bc2
Ra6 41. Kc1 Raxa2 42. Bxf5 gxf5 43. Rxd5 Re2 44. Kd1 Rad2+ 1/2-1/2

[Event "43. Olimpiada Batumi 2018 Femenina"]
[Site "Batumi GEO"]
[Date "2018.10.05"]
[Round "11.4"]
[White "Ivekovic, Ana"]
[Black "Pavlidou, Ekaterini"]
[Result "0-1"]
[WhiteElo "2118"]
[BlackElo "2194"]
[PlyCount "116"]
[EventDate "2018.09.24"]
[EventType "team-swiss"]
[EventRounds "11"]
[EventCountry "GEO"]
[SourceTitle "Ajedrez en Madrid"]
[Source "lmi"]
[SourceDate "2018.09.24"]
[WhiteTeam "Croatia"]
[BlackTeam "Greece"]
[WhiteTeamCountry "CRO"]
[BlackTeamCountry "GRE"]

1. d4 Nf6 2. c4 e6 3. Nf3 Bb4+ 4. Bd2 a5 5. Qc2 d5 6. a3 Be7 7. Nc3 c6 8. e3 b6
9. cxd5 exd5 10. Bd3 O-O 11. O-O Bb7 12. Ne5 h6 13. Rac1 Nbd7 14. Nxd7 Qxd7 15.
Na4 Qc7 16. Qb3 Bd8 17. Rfd1 g6 18. Be1 Ng4 19. g3 Re8 20. Be2 h5 21. Rc3 Kg7
22. Rdc1 Rc8 23. Nxb6 Qxb6 24. Bxg4 hxg4 25. Qxb6 Bxb6 26. Rb3 Bxd4 27. Rxb7
Rxe3 28. Bc3 Re4 29. Bxa5 Re2 30. Bc3 Bxc3 31. Rxc3 d4 32. Rd3 c5 33. Kf1 Rc2
34. f3 Rc6 35. b4 cxb4 36. Rxb4 Rxh2 37. Kg1 Ra2 38. Rbxd4 Rc1+ 39. Rd1 Rxd1+
40. Rxd1 Rxa3 41. Rd4 Rxf3 42. Kg2 f5 43. Rd7+ Kf6 44. Rd6+ Kf7 45. Ra6 Re3 46.
Kf2 Re6 47. Ra7+ Kf6 48. Ra5 g5 49. Ra4 Rd6 50. Rb4 Ke5 51. Rb8 Rd2+ 52. Kf1
Ke4 53. Rb4+ Rd4 54. Rb5 Rd5 55. Rb4+ Ke3 56. Rb3+ Rd3 57. Rb5 f4 58. Rxg5 Kf3
0-1

[Event "43. Olimpiada Batumi 2018 Femenina"]
[Site "Batumi GEO"]
[Date "2018.10.05"]
[Round "11.1"]
[White "Dolzhikova, Olga"]
[Black "Castrillon Gomez, Melissa"]
[Result "0-1"]
[WhiteElo "2184"]
[BlackElo "2248"]
[PlyCount "96"]
[EventDate "2018.09.24"]
[EventType "team-swiss"]
[EventRounds "11"]
[EventCountry "GEO"]
[SourceTitle "Ajedrez en Madrid"]
[Source "lmi"]
[SourceDate "2018.09.24"]
[WhiteTeam "Norway"]
[BlackTeam "Colombia"]
[WhiteTeamCountry "NOR"]
[BlackTeamCountry "COL"]

1. b3 d5 2. Bb2 c5 3. e3 Nf6 4. Bb5+ Nbd7 5. f4 e6 6. Nf3 a6 7. Be2 Bd6 8. O-O
Qc7 9. a4 e5 10. g3 O-O 11. Nh4 exf4 12. exf4 Re8 13. Bf3 Bf8 14. Ng2 b6 15.
Ne3 Bb7 16. Nc3 d4 17. Ncd5 Qb8 18. Nxf6+ Nxf6 19. Nc4 Nd5 20. Rf2 Qc7 21. Qf1
Nb4 22. c3 dxc3 23. dxc3 Nd5 24. Re1 b5 25. axb5 axb5 26. Ne5 f6 27. Qxb5 fxe5
28. Qc4 Rad8 29. Rd1 e4 30. Bxe4 Rxe4 31. Qxe4 Nxf4 32. Qc4+ Kh8 33. Rxd8 Nh3+
34. Kf1 Qxd8 35. Qe2 Nxf2 36. Kxf2 Qf6+ 37. Ke1 Qe7 38. c4 Qxe2+ 39. Kxe2 Be4
40. Kd2 Be7 41. Be5 Kg8 42. Bf4 Kf7 43. Be5 g6 44. Bf4 Ke6 45. Bh6 Kf5 46. h4
Bd6 47. Be3 Kg4 48. Bf2 Kf3 0-1

[Event "43. Olimpiada Batumi 2018 Femenina"]
[Site "Batumi GEO"]
[Date "2018.10.05"]
[Round "11.2"]
[White "Franco Valencia, Beatriz Irene"]
[Black "Hagesather, Ellen"]
[Result "1/2-1/2"]
[WhiteElo "2191"]
[BlackElo "2181"]
[PlyCount "68"]
[EventDate "2018.09.24"]
[EventType "team-swiss"]
[EventRounds "11"]
[EventCountry "GEO"]
[SourceTitle "Ajedrez en Madrid"]
[Source "lmi"]
[SourceDate "2018.09.24"]
[WhiteTeam "Colombia"]
[BlackTeam "Norway"]
[WhiteTeamCountry "COL"]
[BlackTeamCountry "NOR"]

1. d4 d5 2. c4 e6 3. cxd5 exd5 4. Nc3 Nf6 5. Bg5 Be7 6. e3 O-O 7. Qc2 c6 8. Bd3
Nbd7 9. Nge2 Re8 10. O-O Nf8 11. Bxf6 Bxf6 12. b4 a6 13. a4 Qd6 14. b5 a5 15.
bxc6 bxc6 16. e4 Bd8 17. Rfc1 Ba6 18. exd5 cxd5 19. Nb5 Bxb5 20. Bxb5 Re6 21.
Qa2 Bb6 22. Rc6 Qd8 23. Nf4 Rxc6 24. Bxc6 Ra7 25. Nxd5 Bxd4 26. Re1 Qd6 27. Qc4
Qc5 28. Qxc5 Bxc5 29. Re8 g6 30. Rc8 Kg7 31. Nc7 Kf6 32. Kf1 Ne6 33. Nxe6 Kxe6
34. Ke2 Kd6 1/2-1/2

[Event "43. Olimpiada Batumi 2018 Femenina"]
[Site "Batumi GEO"]
[Date "2018.10.05"]
[Round "11.3"]
[White "Machlik, Monika"]
[Black "Rodriguez Rueda, Paula Andrea"]
[Result "0-1"]
[WhiteElo "2059"]
[BlackElo "2298"]
[PlyCount "120"]
[EventDate "2018.09.24"]
[EventType "team-swiss"]
[EventRounds "11"]
[EventCountry "GEO"]
[SourceTitle "Ajedrez en Madrid"]
[Source "lmi"]
[SourceDate "2018.09.24"]
[WhiteTeam "Norway"]
[BlackTeam "Colombia"]
[WhiteTeamCountry "NOR"]
[BlackTeamCountry "COL"]

1. d4 d5 2. c4 c6 3. Nf3 Nf6 4. e3 e6 5. Bd3 Nbd7 6. Nbd2 Bd6 7. O-O O-O 8. e4
dxe4 9. Nxe4 Nxe4 10. Bxe4 h6 11. Bc2 c5 12. Qd3 f5 13. Rd1 cxd4 14. Qxd4 Bc5
15. Qd2 Qc7 16. b3 Nf6 17. b4 Be7 18. c5 a5 19. Qf4 Qxf4 20. Bxf4 axb4 21. Bd6
Re8 22. Bb3 Kh7 23. Nd4 Bd8 24. Nb5 Bd7 25. Nc7 Bxc7 26. Bxc7 Bc6 27. Rd4 Nd5
28. Bxd5 exd5 29. Rxb4 Rxa2 30. Rbb1 Rxa1 31. Rxa1 d4 32. f3 d3 33. Rd1 Bb5 34.
Ba5 Re2 35. Rd2 Re1+ 36. Kf2 Rc1 37. Bb4 Kg6 38. Rb2 Ba6 39. Rd2 Kf7 40. h3 Ke6
41. Ba3 Rc3 42. Bb2 Rxc5 43. Bxg7 h5 44. Ke3 Rc7 45. Bd4 Kd5 46. Bb6 Rc6 47.
Bd8 Rd6 48. Bc7 Re6+ 49. Kf4 Kc4 50. Kxf5 Re2 51. Ba5 b5 52. g4 hxg4 53. hxg4
Rxd2 54. Bxd2 b4 55. g5 b3 56. g6 Kd4 57. g7 Bc4 58. Be1 b2 59. Bf2+ Kc3 60.
Be1+ d2 0-1